| 000 | 00977nam a22003017a 4500 | ||
|---|---|---|---|
| 003 | OSt | ||
| 005 | 20231004132057.0 | ||
| 008 | 221006b |||||||| |||| 00| 0 eng d | ||
| 040 | _cBiblioteca Lado V | ||
| 082 |
_a700 _bG216h |
||
| 100 |
_91145 _aGarcía, Joaquín _eautor |
||
| 245 | _aHerramientas Comunes/ | ||
| 246 | _aCommon Tools/ | ||
| 260 |
_bCooperativa Cráter Invertido _aMéxico |
||
| 300 |
_c28.5x39cm _a59p. |
||
| 366 | _eeng | ||
| 505 | _aAMILCINGO | ||
| 505 | _aINSTITUCIONES COMUNITARIAS | ||
| 505 | _aOAXACA HERRAMIENTAS COOPERATIVAS | ||
| 505 | _aYUMA | ||
| 505 | _aTEJIDOS EN EL AGUA | ||
| 650 |
_2Tesauro de Arte & Arquitectura _aARTE _9703 |
||
| 650 |
_2Tesauro de Arte & Arquitectura _aPROYECTO |
||
| 650 |
_2Tesauro de Arte & Arquitectura _aPROYECTOS DE ARTE |
||
| 650 |
_2Tesauro de Arte & Arquitectura _aMEXICO |
||
| 650 |
_2Tesauro de Arte & Arquitectura _aARTE CONTEMPORANEO |
||
| 942 |
_2ddc _c1 _h700 _iG216h _n0 |
||
| 999 |
_c4457 _d4457 |
||